Hľadáme kozmické civilizácie /

Hlavní autor: Pacner, Karel, 1936-2021
Další autoři: Pitoňák, Jozef
Jazyk: Slovenština
Vydáno: Bratislava : Obzor, 1977
Vydání: 1. vyd.
Edice: Periskop (Obzor)
Témata:
Fyzický popis: 491 s., obr. příl. ; 8°
Knihy
Uloženo v:
LEADER 00997nam a22003012a 4500
001 000430438
003 CZ BrMZK
005 20230228103338.0
007 ta
008 020704s1977 xo f |||| 0 slo d
040 |a PNA001  |b cze 
041 1 |a slo  |h cze 
080 |a 523  |2 MRF 
080 |a (0.062)  |2 MRF 
100 1 |a Pacner, Karel,  |d 1936-2021  |7 jk01091450  |4 aut 
245 1 0 |a Hľadáme kozmické civilizácie /  |c Karel Pacner ; z českeho originalu ... preložil Jozef Pitoňák 
250 |a 1. vyd. 
260 |a Bratislava :  |b Obzor,  |c 1977 
300 |a 491 s., obr. příl. ;  |c 8° 
490 1 |a Periskop 
653 0 |a vesmír  |a výzkumy  |a mimozemské civilizace  |a kosmické civilizace 
700 1 |a Pitoňák, Jozef  |7 jx20050421014  |4 trl 
765 0 |t Hledáme kosmické civilizace  |9 Slovensky 
830 0 |a Periskop (Obzor)  |0 s 
910 |a BOA001  |b 2-0780.952 
990 |a BK 
991 |b 202105 
996 7 |b 2619778477  |c 2-0780.952  |l MZK  |r Sklad / do 1 hodiny  |n 3  |w 000430438  |u 000010  |a 1  |e BOA001  |j MZK50  |s A